Dynamics of Structures (Record no. 299196)
[ view plain ]
| 000 -LEADER | |
|---|---|
| fixed length control field | 00273 a2200121 4500 |
| 001 - CONTROL NUMBER | |
| control field | 64123 |
| 082 ## - DEWEY DECIMAL CLASSIFICATION NUMBER | |
| Classification number | 620.1054HUR |
| 090 ## - LOCALLY ASSIGNED LC-TYPE CALL NUMBER (OCLC); LOCAL CALL NUMBER (RLIN) | |
| -- | 37898 |
| -- | 37898 |
| 100 ## - MAIN ENTRY--PERSONAL NAME | |
| Personal name | Hurty Walter C |
| 245 ## - TITLE STATEMENT | |
| Title | Dynamics of Structures |
| 260 ## - PUBLICATION, DISTRIBUTION, ETC. | |
| Place of publication, distribution, etc. | NJ |
| Name of publisher, distributor, etc. | Prentice Hall |
| Date of publication, distribution, etc. | 1964 |
| 300 ## - PHYSICAL DESCRIPTION | |
| Extent | 455 p |
| 942 ## - ADDED ENTRY ELEMENTS (KOHA) | |
| Institution code [OBSOLETE] | NUST-CAE |
| Call number prefix | 620.1054HUR |
| Withdrawn status | Lost status | Damaged status | Not for loan | Collection code | Permanent Location | Current Location | Date acquired | Total Checkouts | Full call number | Barcode | Date last seen | Price effective from | Koha item type |
|---|---|---|---|---|---|---|---|---|---|---|---|---|---|
| College of Aeronautical Engineering (CAE) | College of Aeronautical Engineering (CAE) | 04/03/2017 | 620.1054HUR | CAEG-5321 | 04/05/2017 | 04/05/2017 | Book |
